000 00649nam a2200229 i 4500
001 bgj
100 1 _aCZARNECKA, Katarzyna.
245 1 0 _aSłownik gwary uczniowskiej /
_cKatarzyna Czarnecka ; Halina Zgółkowa.
250 _a[Wyd. 2].
260 _aPoznań :
_bKantor Wydawniczt SAWW,
_cc. 1991.
300 _a358, [1] pp ;
_c21 cm.
650 9 _aPolish language
_xUsage
650 9 _aPolish language, Varieties of
650 9 _aPolish language
655 _aDictionaries
020 _a8385066586 (pbk)
040 _cBPK
041 0 _apol
920 _a83-85066-58-6 (pbk)
942 _cKS
008 s pl f |000 0 pol
999 _c47240
_d47240
856 _uhttp://koha.tu.koszalin.pl/cgi-bin/koha/opac-detail.pl?biblionumber=47240
_yKatalog online BPK